Hlavátka - problematická ryba v Hornáde?

Bibliographic Details
Main Author: Lajš, Roman (Author)
Format: Article
Language:Slovak
PhysicalDescription:Fotogr.
ISSN:0231-8768
Subjects:

MARC

LEADER 00000nab a2200000 a 4500
001 vtls000656160
003 SK-MaSNL
005 20260304093242.0
008 250425c xo 0 slo
015 |a SNBRA1998/03-07809 
035 |a CLN000008352 
035 |a urn:nbn:sk:snk-abeq0w 
035 |a (urnnbn)urn:nbn:sk:snk:ar-007016 
035 |a (uuid)d4360be0-d196-4f89-8a2b-cdcee5c8bec5 
040 |a SNKBUCL  |b slo  |c SNKBUCL  |e AACR2 
041 0 |a slo 
044 |a xo  |c SK 
080 |a 639.211(437.6)  |2 1997 
100 1 |a Lajš, Roman  |4 aut  |9 919107 
245 1 0 |a Hlavátka - problematická ryba v Hornáde?  |c Roman Lajš 
300 |b Fotogr. 
650 0 7 |a hlavátka  |2 snkbucl  |9 31056 
651 7 |a Hornád (Slovensko a Maďarsko : rieka)  |2 snkbucl  |9 26821 
655 7 |a články z novín a časopisov  |2 snkbucl  |9 267496 
773 0 |t Poľovníctvo a rybárstvo  |g Roč. 50 (75), č. 3 (1998), s. 38-39  |x 0231-8768 
850 |a Slovenská národná knižnica 
852 |a Slovenská národná knižnica 
954 |a odborná, vedecká literatúra pôvodná (slovenská)  |2 lita 
958 |a article27 
958 |a OND 
958 |a EUIPO 
992 |a RBX 
999 |c 2822344  |d 2824274